| 000 | 01006nam a22002417a 4500 | ||
|---|---|---|---|
| 999 |
_c873 _d873 |
||
| 003 | AR-CdUCM | ||
| 008 | 190225b ||||| |||| 00| 0 spa d | ||
| 040 |
_aMUNICIPALIDAD PROVINCIAL DEL CUSCO _cBIBLIOTECA MUNICIPAL DEL CUSCO |
||
| 082 |
_a946 / _bB24 |
||
| 110 |
_aAdjuntament de Barcelona Gabinet de Relacions Exteriors _93349 |
||
| 245 | _aBarcelona en el mundo / | ||
| 246 |
_aBarcelona al món / _aBarcelona in the world / |
||
| 260 |
_aBarcelona : _bAjuntament de Barcelona Gabinet de Relacions Exteriors, _c1993? |
||
| 300 |
_a187 páginas ; _c29 cm. |
||
| 500 | _zBarcelona en el mundo -- La integración europea -- Intercambio y cooperación en américa latina -- El área del mediterráneo, entorno de relación en el desarrollo -- Promoción de la ciudad... | ||
| 650 |
_aEnglish _93350 |
||
| 650 |
_aCatalán _93351 |
||
| 650 |
_aEspaña _9176 |
||
| 650 |
_aAyuntamiento de Barcelona _93352 |
||
| 650 |
_aEspaña y América Latina _93353 |
||
| 942 |
_2ddc _cLIBROS |
||
| 945 |
_admma _d2019-02-25 |
||